Văn học 1975 - 1985: Tác phẩm và dư luận

Wedi'i Gadw mewn:
Manylion Llyfryddiaeth
Awduron Eraill: Vân Trang Ngô Hoàng Bảo Hưng (Sưu tầm và biên soạn)
Fformat: Llyfr
Cyhoeddwyd: H. Hội nhà văn 1997
Tagiau: Ychwanegu Tag
Dim Tagiau, Byddwch y cyntaf i dagio'r cofnod hwn!
Thư viện lưu trữ: Mạng thư viện Đại học Đà Nẵng
LEADER 00947nam a2200265 4500
001 000014545
003 10915
005 20120507150559.0
008 120507s1997 sd
041 0 |a 42000 
082 |a 895.92209  |b Văn 
245 0 |a Văn học 1975 - 1985: Tác phẩm và dư luận  |c Vân Trang; Ngô Hoàng; Bảo Hưng 
260 |a H.  |b Hội nhà văn  |c 1997 
300 |a 432 tr.  |c 21cm 
700 |a Vân Trang  |a Ngô Hoàng  |a Bảo Hưng  |e Sưu tầm và biên soạn 
OWN |a LSP 
AVA |a UDN50  |b LSP  |d 895.92209 Văn  |e available  |t Error 5001 Not defined in file expand_doc_bib_avail.  |f 1  |g 0  |h N  |i 0  |k 1 
999 |a From the UDN01 
AVA |a UDN50  |b LSP  |d 895.92209 Văn  |e available  |t Error 5001 Not defined in file expand_doc_bib_avail.  |f 1  |g 0  |h N  |i 0  |k 1 
TYP |a Monograph 
TYP |a Printed language 
980 |a Mạng thư viện Đại học Đà Nẵng